| 000 | 00373nam a2200145Ia 4500 | ||
|---|---|---|---|
| 005 | 20250508153741.0 | ||
| 008 | 008 250505s9999 xx 000 0 eng d | ||
| 037 | _aBooks to be hide in OPAC | ||
| 040 |
_aFEDL _beng _cFEDL |
||
| 041 |
_aeng _2eng |
||
| 084 | _qFEDL | ||
| 245 | 0 | _aReport and accounts to 31st December, 1915 | |
| 942 | _cHB | ||
| 999 |
_c1345219 _d1345219 |
||